00771cam a2200217 a 450000100100000000500170001000800410002704000290006808200230009710000460012024500560016625000120022226000530023430000210028765000280030865000310033691000330036704900090040095201270040999900170053600001992520200929170207.0750519s1968 sp 000 f spa d aDO-SdBNPbspacLCdBNPHU a863.6bM379c, 19681 aMartín Vigil, José Luis.d1919-9419114aLos curas comunistas /cJosé Luis Martín Vigil. a13a ed. aBarcelona, (España) :bRichard Grandio,c1968. a430 p. ;c20 cm. 4aNovela española91123 4aLiteratura española9632 aCatalogación derivada / LC aBNGR 001054708MOaGRbGRcCTd2010-07-09iLF1l0o863.6 M379c, 1968p19925-10r2020-06-25w2020-06-25y4ZPréstamo en sala c19438d19438